[Event "Hector S Nazzari Memorial 2019"]
[Site "Montevideo"]
[Date "2019.10.15"]
[Round "2.12"]
[White "Belistri, Ubaldo"]
[Black "Saralegui, Mario"]
[Result "1/2-1/2"]
[WhiteElo "1853"]
[BlackElo "2059"]
[Annotator "NA RC"]
[PlyCount "69"]
[EventDate "2019.10.14"]
[EventType "swiss"]
[EventCountry "URU"]
[SourceTitle "playchess.com"]
[Source "ChessBase"]
[SourceQuality "1"]
[TimeControl "5400+30"]

1. Nc3 {[%emt 0:00:00]} d5 {[%emt 0:00:00]} 2. e4 {[%emt 0:01:19]} d4 {[%emt 0:00:00]} 3. Nce2 {[%emt 0:00:11]} e5 {[%emt 0:00:02]} 4. d3 {[%emt 0:00:32]} Nc6 {[%emt 0:01:33]} 5. Nf3 {[%emt 0:00:46]} f6 {[%emt 0:03:43]} 6. Ng3 {[%emt 0:01:09]} g6 {[%emt 0:00:06]} 7. Be2 {[%emt 0:03:45]} Bg7 {[%emt 0:02:00]} 8. Bd2 {[%emt 0:02:37]} Nge7 {[%emt 0:00:13]} 9. c4 {[%emt 0:08:46]} dxc3 {[%emt 0:01:42]} 10. bxc3 {[%emt 0:00:13]} Be6 {[%emt 0:00:10]} 11. Be3 {[%emt 0:13:34]} Qd7 {[%emt 0:08:02]} 12. d4 {[%emt 0:05:54]} exd4 {[%emt 0:01:32]} 13. cxd4 Bf7 14. d5 {[%emt 0:02:09]} Nd8 {[%emt 0:01:04]} 15. Rc1 {[%emt 0:03:17]} O-O {[%emt 0:00:07]} 16. O-O {[%emt 0:01:33]} c6 {[%emt 0:01:29]} 17. dxc6 {[%emt 0:01:24]} Qxd1 {[%emt 0:00:09]} 18. Rfxd1 Ndxc6 19. Bc4 {[%emt 0:02:45]} Rfd8 {[%emt 0:02:01]} 20. Bxf7+ {[%emt 0:01:14]} Kxf7 {[%emt 0:00:27]} 21. h4 {[%emt 0:00:47]} b6 {[%emt 0:01:54]} 22. Nd4 {[%emt 0:06:16]} Nxd4 {[%emt 0:11:51]} 23. Bxd4 {[%emt 0:01:06]} Rac8 {[%emt 0:00:07]} 24. Ne2 {[%emt 0:04:12]} Bh6 {[%emt 0:02:51]} 25. f4 {[%emt 0:05:27]} Rxc1 {[%emt 0:03:01]} 26. Rxc1 Bxf4 27. Bxb6 {[%emt 0:06:04]} Bxc1 {[%emt 0:14:49]} 28. Bxd8 {[%emt 0:00:18]} Be3+ {[%emt 0:00:06]} 29. Kf1 {[%emt 0:00:36]} Nc6 {[%emt 0:00:06]} 30. Bc7 {[%emt 0:00:48]} Ke6 {[%emt 0:09:30]} 31. Nf4+ {[%emt 0:05:44]} Kd7 {[%emt 0:03:13]} 32. Nd5 {[%emt 0:00:39]} Bd4 {[%emt 0:00:53]} 33. Bg3 {[%emt 0:03:24]} Ke6 {[%emt 0:00:55]} 34. Nf4+ {[%emt 0:00:51]} Kd7 {[%emt 0:04:46]} 35. Nd5 {[%emt 0:00:31]} 1/2-1/2

[Event "Hector S Nazzari Memorial 2019"]
[Site "Montevideo"]
[Date "2019.10.15"]
[Round "2.13"]
[White "Bustelo, Tabare"]
[Black "Ramos Correa, Gabriel"]
[Result "1-0"]
[WhiteElo "2054"]
[BlackElo "1889"]
[Annotator "NA RC"]
[PlyCount "71"]
[EventDate "2019.10.14"]
[EventType "swiss"]
[EventCountry "URU"]
[SourceTitle "playchess.com"]
[Source "ChessBase"]
[SourceQuality "1"]
[TimeControl "5400+30"]

1. Nc3 {[%emt 0:00:26]} c5 2. Nf3 {[%emt 0:00:47]} d6 {[%emt 0:00:08]} 3. d4 {[%emt 0:01:57]} cxd4 {[%emt 0:00:44]} 4. Nxd4 {[%emt 0:00:08]} g6 {[%emt 0:03:02]} 5. e4 {[%emt 0:01:17]} Bg7 {[%emt 0:00:32]} 6. Bb5+ {[%emt 0:04:42]} Bd7 {[%emt 0:00:29]} 7. O-O {[%emt 0:00:49]} Nf6 {[%emt 0:02:00]} 8. a4 {[%emt 0:03:01]} O-O {[%emt 0:00:46]} 9. Be3 {[%emt 0:00:20]} Nc6 {[%emt 0:02:06]} 10. f3 {[%emt 0:09:43]} Qc7 {[%emt 0:13:13]} 11. Qd2 {[%emt 0:02:21]} Rfc8 {[%emt 0:07:30]} 12. Rad1 {[%emt 0:10:09]} a6 {[%emt 0:10:26]} 13. Bxc6 {[%emt 0:06:01]} bxc6 {[%emt 0:02:24]} 14. Nb3 {[%emt 0:02:10]} Be6 {[%emt 0:02:11]} 15. Nd4 {[%emt 0:00:20]} Bd7 {[%emt 0:01:08]} 16. Qf2 {[%emt 0:02:37]} Rcb8 {[%emt 0:06:18]} 17. b3 {[%emt 0:01:05]} e5 {[%emt 0:09:57]} 18. Nde2 {[%emt 0:04:20]} Be6 {[%emt 0:00:43]} 19. a5 {[%emt 0:04:15]} Nd7 {[%emt 0:03:34]} 20. Na4 {[%emt 0:00:24]} d5 {[%emt 0:04:46]} 21. Nb6 {[%emt 0:01:50]} Nxb6 {[%emt 0:00:39]} 22. axb6 {[%emt 0:01:44]} Qb7 {[%emt 0:02:06]} 23. Bc5 {[%emt 0:00:36]} Bf8 {[%emt 0:00:57]} 24. b4 {[%emt 0:01:26]} a5 {[%emt 0:03:44]} 25. c3 {[%emt 0:04:03]} axb4 {[%emt 0:01:18]} 26. cxb4 {[%emt 0:00:03]} Ra2 {[%emt 0:03:40]} 27. Ra1 {[%emt 0:04:37]} Rba8 {[%emt 0:00:45]} 28. Rxa2 {[%emt 0:08:08]} Rxa2 {[%emt 0:00:02]} 29. Bxf8 {[%emt 0:02:48]} Kxf8 {[%emt 0:00:15]} 30. f4 {[%emt 0:00:19]} exf4 {[%emt 0:10:14]} 31. Qc5+ {[%emt 0:01:10]} Kg8 {[%emt 0:00:59]} 32. Nxf4 {[%emt 0:00:10]} Bd7 {[%emt 0:01:19]} 33. exd5 {[%emt 0:01:06]} cxd5 {[%emt 0:00:46]} 34. Nxd5 {[%emt 0:02:55]} Bc6 {[%emt 0:04:15]} 35. Qxc6 {[%emt 0:00:14]} Rxg2+ {[%emt 0:01:20]} 36. Kh1 {[%emt 0:00:28]} 1-0

[Event "Hector S Nazzari Memorial 2019"]
[Site "Montevideo"]
[Date "2019.10.15"]
[Round "2.14"]
[White "Genta, Alejandro"]
[Black "Palacio, Enzo"]
[Result "0-1"]
[WhiteElo "2036"]
[BlackElo "1780"]
[Annotator "NA RC"]
[PlyCount "102"]
[EventDate "2019.10.14"]
[EventType "swiss"]
[EventCountry "URU"]
[SourceTitle "playchess.com"]
[Source "ChessBase"]
[SourceQuality "1"]
[TimeControl "5400+30"]

1. b3 {[%emt 0:00:00]} Nf6 {[%emt 0:01:55]} 2. Bb2 {[%emt 0:00:00]} g6 {[%emt 0:00:19]} 3. Nf3 {[%emt 0:04:59]} Bg7 {[%emt 0:00:02]} 4. g3 {[%emt 0:00:03]} d6 {[%emt 0:02:16]} 5. Bg2 {[%emt 0:00:06]} O-O {[%emt 0:00:08]} 6. c4 {[%emt 0:00:45]} Nbd7 {[%emt 0:04:49]} 7. O-O {[%emt 0:00:27]} c6 {[%emt 0:02:19]} 8. Qc2 {[%emt 0:02:03]} Qc7 {[%emt 0:00:55]} 9. d4 {[%emt 0:04:46]} Re8 {[%emt 0:01:33]} 10. Nbd2 {[%emt 0:08:13]} e5 {[%emt 0:04:54]} 11. e4 {[%emt 0:06:06]} a5 {[%emt 0:00:32]} 12. Rad1 {[%emt 0:00:17]} Qb6 {[%emt 0:15:44]} 13. c5 {[%emt 0:16:36]} dxc5 {[%emt 0:03:53]} 14. Nc4 {[%emt 0:00:14]} Qc7 {[%emt 0:00:14]} 15. dxc5 {[%emt 0:00:19]} h6 {[%emt 0:34:04]} 16. Nd6 {[%emt 0:14:01]} Re7 {[%emt 0:00:45]} 17. Bh3 {[%emt 0:01:58]} Nh7 {[%emt 0:06:44]} 18. Rfe1 {[%emt 0:01:25]} Nhf8 {[%emt 0:01:04]} 19. a3 {[%emt 0:05:41]} Qb8 {[%emt 0:04:59]} 20. b4 {[%emt 0:04:59]} axb4 {[%emt 0:00:58]} 21. axb4 {[%emt 0:00:03]} Nb6 {[%emt 0:01:05]} 22. Nxc8 {[%emt 0:10:15]} Nxc8 {[%emt 0:00:02]} 23. Rd8 {[%emt 0:00:07]} Qc7 {[%emt 0:00:27]} 24. Red1 {[%emt 0:00:02]} Kh7 {[%emt 0:00:32]} 25. Bxe5 {[%emt 0:02:34]} Bxe5 {[%emt 0:02:26]} 26. Nxe5 {[%emt 0:00:52]} Qxe5 {[%emt 0:01:30]} 27. Rxf8 {[%emt 0:03:32]} Nb6 {[%emt 0:01:44]} 28. f4 Qg7 {[%emt 0:02:19]} 29. Rdd8 {[%emt 0:05:23]} Rxd8 {[%emt 0:00:30]} 30. Rxd8 {[%emt 0:00:04]} Qa1+ {[%emt 0:00:09]} 31. Rd1 {[%emt 0:05:02]} Qa4 {[%emt 0:00:07]} 32. Qxa4 {[%emt 0:01:05]} Nxa4 {[%emt 0:00:02]} 33. Rd7 {[%emt 0:00:04]} Rxd7 {[%emt 0:00:30]} 34. Bxd7 {[%emt 0:00:02]} Nb2 {[%emt 0:00:13]} 35. Bc8 {[%emt 0:00:40]} Nd3 {[%emt 0:00:23]} 36. Bxb7 {[%emt 0:00:50]} Nxb4 {[%emt 0:00:02]} 37. Kf2 {[%emt 0:00:22]} Nd3+ {[%emt 0:00:17]} 38. Ke3 {[%emt 0:00:02]} Nxc5 {[%emt 0:00:07]} 39. Bxc6 {[%emt 0:00:05]} Kg7 {[%emt 0:00:30]} 40. Kd4 {[%emt 0:00:19]} Ne6+ {[%emt 0:00:08]} 41. Ke5 {[%emt 0:00:05]} h5 {[%emt 0:02:27]} 42. f5 {[%emt 0:04:55]} gxf5 {[%emt 0:00:36]} 43. exf5 {[%emt 0:00:02]} Nf8 {[%emt 0:00:33]} 44. f6+ {[%emt 0:00:27]} Kg6 {[%emt 0:01:04]} 45. Be4+ {[%emt 0:00:10]} Kg5 {[%emt 0:04:02]} 46. Bf5 {[%emt 0:00:42]} h4 {[%emt 0:00:26]} 47. gxh4+ {[%emt 0:02:07]} Kxh4 {[%emt 0:00:01]} 48. Kf4 {[%emt 0:00:38]} Kh5 {[%emt 0:00:18]} 49. h3 {[%emt 0:00:31]} Ng6+ {[%emt 0:01:11]} 50. Bxg6+ {[%emt 0:00:31]} Kxg6 {[%emt 0:00:02]} 51. Ke5 {[%emt 0:00:12]} Kg5 {[%emt 0:00:02]} 0-1

[Event "Hector S Nazzari Memorial 2019"]
[Site "Montevideo"]
[Date "2019.10.16"]
[Round "3.1"]
[White "Coppola, Claudio"]
[Black "Roselli Mailhe, Bernardo"]
[Result "1/2-1/2"]
[WhiteElo "2270"]
[BlackElo "2435"]
[Annotator "TA"]
[PlyCount "42"]
[EventDate "2019.10.14"]
[EventType "swiss"]
[EventCountry "URU"]
[SourceTitle "playchess.com"]
[Source "ChessBase"]
[SourceQuality "1"]

{[%evp 9,42,-22,6,-6,1,-8,-8,-8,10,5,0,10,6,0,3,-22,-22,-1,-10,-41,-39,-42,-39,-88,-43,-51,-36,-52,-27,-10,-26,-37,-11,-59,-40]} 1. b3 d5 2. Bb2 Bg4 3. h3 Bh5 4. g4 Bg6 5. Bg2 e6 6. Nf3 {A01: Nimzowitsch-Larsen Opening} Nd7 7. d3 c6 8. Nbd2 {The position is equal.} Ngf6 9. Nh4 Bd6 10. e3 Qe7 $146 ({Predecessor:} 10... a5 11. a3 e5 {0-1 (31) So,W (2780)-Caruana,F (2822) Saint Louis 2018}) 11. O-O O-O-O 12. Qe2 Ne8 13. Nxg6 hxg6 14. c4 f5 15. cxd5 exd5 16. Rac1 Nef6 {Hoping for ...fxg4.} 17. gxf5 gxf5 18. Nf3 $1 Rh5 19. Nd4 $1 Rdh8 20. f4 Bc7 21. Rc2 Re8 {Accuracy: White = 70%, Black = 53%.} 1/2-1/2

[Event "Hector S Nazzari Memorial 2019"]
[Site "Montevideo"]
[Date "2019.10.16"]
[Round "3.2"]
[White "Vitoux, Colomban"]
[Black "Dominguez, Facundo"]
[Result "1-0"]
[WhiteElo "2381"]
[BlackElo "2130"]
[Annotator "TA"]
[PlyCount "79"]
[EventDate "2019.10.14"]
[EventType "swiss"]
[EventCountry "URU"]
[SourceTitle "playchess.com"]
[Source "ChessBase"]
[SourceQuality "1"]

{[%evp 12,79,-26,-45,-12,-50,-23,-37,20,0,31,3,41,0,0,0,0,0,8,-49,-58,-136,-56,-62,-60,-67,-63,-72,-26,-43,-15,-23,0,0,0,0,33,33,27,24,25,44,134,137,167,137,237,95,202,198,208,156,175,172,180,174,1024,1031,1196,679,589,0,1112,1008,1689,1704,1116,1098,29995,29996]} 1. e4 e6 2. d4 d5 3. e5 c5 4. Qg4 cxd4 5. Nf3 Nc6 6. Bd3 Nge7 7. O-O Qc7 {C02: French: Advance Variation} (7... Ng6 8. Re1 Be7 9. Nbd2 Qc7 10. Nb3 O-O 11. Qg3 f6 12. Bxg6 hxg6 13. Bf4 fxe5 14. Bxe5 Nxe5 15. Nxe5 Qxc2 16. Nxg6 Bd6 17. Qxd6 Qxg6 {½-½ (42) Vasiukov,E (2400)-Balashov,Y (2434) Tula 2018}) 8. Re1 Bd7 9. a3 h5 $146 ({Better is} 9... O-O-O $15) ({Predecessor:} 9... Ng6 10. Qg3 f5 11. h4 O-O-O 12. h5 Nge7 13. Ng5 Re8 14. Nf7 Rg8 {1-0 (44) Loeffler,C (2144)-Praxmarer,C (2031) Austria 2015}) 10. Qg3 g6 (10... h4 $5 11. Nxh4 Nxe5 $1 $11 {[%mdl 512]}) 11. b4 a6 12. Nbd2 Nf5 $36 {[%mdl 2048] Black is pushing.} 13. Bxf5 gxf5 14. Nb3 Be7 15. b5 (15. Bg5 $11) 15... axb5 $15 16. Bb2 (16. h4 $15) 16... O-O-O (16... h4 $17 17. Qg7 O-O-O 18. Nfxd4 Nxd4 19. Nxd4 Rdf8) 17. Nfxd4 Nxd4 18. Bxd4 Rdg8 19. Qe3 Bc6 20. f3 Rg6 (20... Bg5 $5 {[%cal Rg5e3]} 21. f4 Bd8 $15) 21. Bb6 Qd7 22. Nd4 Rhg8 23. Re2 $1 h4 {...h3 is the strong threat.} 24. Qc3 {aiming for Qa5.} Bd8 25. Bxd8 Kxd8 26. Rb1 f4 (26... Qc7 $14) 27. h3 $1 $16 Rg3 {With the idea ...Rxh3.} 28. Kf1 Ke8 {[#]} (28... Qc7 $16) 29. Rb4 (29. a4 $1 $18 {[%cal Ra4b5] and the rest is easy.} bxa4 30. Qc5) 29... Qe7 (29... Kf8 $16 {was worth a try.}) 30. Nxc6 $18 Qc7 31. Rxf4 bxc6 32. a4 ({Resist} 32. Rxh4 $6 c5 $14) 32... bxa4 {[#]} 33. Qc5 $1 R3g5 $2 (33... Qe7 34. Qxc6+ Kf8) 34. Rxa4 Qb7 35. Rb4 Qc7 36. Ra4 (36. Rb6 $142) 36... Qb7 {intending ...Qb1+.} 37. Qa3 Qb1+ 38. Re1 {Ra8+ would kill now.} Qb5+ {[#]} 39. c4 $1 {[%mdl 512] White threatens Ra8+ and mate.} Qb6 (39... dxc4 40. Ra8+) 40. Ra8+ {Accuracy: White = 45%, Black = 20%.} 1-0

[Event "Hector S Nazzari Memorial 2019"]
[Site "Montevideo"]
[Date "2019.10.16"]
[Round "3.3"]
[White "Diaz Hollemaert, Nahuel"]
[Black "Hoffman, Alejandro"]
[Result "1/2-1/2"]
[WhiteElo "2439"]
[BlackElo "2449"]
[Annotator "TA"]
[PlyCount "24"]
[EventDate "2019.10.14"]
[EventType "swiss"]
[EventCountry "URU"]
[SourceTitle "playchess.com"]
[Source "ChessBase"]
[SourceQuality "1"]

{[%evp 15,24,26,23,4,31,43,51,-13,0,0,-14]} 1. Nf3 Nf6 2. c4 c5 3. g3 g6 4. Bg2 Bg7 5. O-O Nc6 6. Nc3 d6 7. d4 cxd4 8. Nxd4 Bd7 9. Bg5 {A31: Symmetrical English: 2 Nf3 Nf6 3 d4} O-O 10. Nxc6 Bxc6 11. Qd2 $146 (11. e4 $14) ({Predecessor:} 11. Nd5 Nxd5 12. cxd5 Bd7 13. Qd2 Re8 14. Rac1 Qb6 15. Be3 Qa6 16. b3 Rac8 {0-1 (100) Sundararajan,K (2433)-Petrosian,T (2610) Abu Dhabi 2018}) 11... Bxg2 $11 12. Kxg2 Rc8 1/2-1/2

[Event "Hector S Nazzari Memorial 2019"]
[Site "Montevideo"]
[Date "2019.10.16"]
[Round "3.4"]
[White "Carvalho, Guillermo"]
[Black "Lopez Azambuja, Nicolas"]
[Result "0-1"]
[WhiteElo "2183"]
[BlackElo "2318"]
[Annotator "TA"]
[PlyCount "54"]
[EventDate "2019.10.14"]
[EventType "swiss"]
[EventCountry "URU"]
[SourceTitle "playchess.com"]
[Source "ChessBase"]
[SourceQuality "1"]

{[%evp 9,54,14,10,-5,57,63,70,58,42,46,43,43,54,43,37,19,24,0,0,0,0,0,0,-6,7,3,12,0,0,0,0,0,12,6,22,0,14,0,0,0,9,4,4,4,4,-100,-95]} 1. d4 Nf6 2. Nf3 e6 3. g3 b5 4. Bg2 (4. Bg5 c5 5. d5 Qa5+ 6. Bd2 Qb6 7. dxe6 fxe6 8. a4 b4 9. a5 Qd8 10. Bg2 Nc6 11. Ne5 Nxe5 12. Bxa8 {½-½ (32) Ding,L (2813)-Carlsen,M (2835) Wijk aan Zee 2019}) 4... c5 5. a4 b4 6. O-O {A46: 1 d4 Nf6 2 Nf3 e6: Torre, London and Colle Systems} cxd4 $146 ({Better is} 6... Bb7 $11) ({Predecessor:} 6... Bb7 7. c4 bxc3 8. bxc3 Be7 9. c4 cxd4 10. Nxd4 Bxg2 11. Kxg2 Qc8 12. Nd2 Nc6 13. N4b3 Ne5 14. Qc2 Qc6+ 15. Kg1 {0-1 (33) Laveryd,P (2465)-Lyrberg,P (2432) Sweden 2002}) 7. Nxd4 $14 d5 8. c4 $1 {White is slightly better.} Bb7 9. a5 Qd7 10. cxd5 Bxd5 11. Bxd5 Nxd5 12. Nd2 Be7 13. Qa4 Qxa4 14. Rxa4 O-O 15. N2b3 Rc8 16. Bd2 Nd7 {[%cal Bb8d7,Bd7e5,Be5c4][%mdl 32]} 17. Raa1 Ne5 18. Rfc1 Nc4 19. Rc2 Nxd2 20. Rxd2 Kf8 21. Kg2 Ke8 22. Rad1 g6 23. e4 Nf6 24. f3 a6 25. Rc1 Rxc1 26. Nxc1 Rd8 27. Kf1 {[#]} (27. Ncb3 $11) 27... Nxe4 $1 {[%mdl 512] Accuracy: White = 40%, Black = 61%.} 0-1

[Event "Hector S Nazzari Memorial 2019"]
[Site "Montevideo"]
[Date "2019.10.16"]
[Round "3.6"]
[White "Bustelo, Tabare"]
[Black "Carbone, Diego"]
[Result "1/2-1/2"]
[WhiteElo "2054"]
[BlackElo "2233"]
[Annotator "TA"]
[PlyCount "55"]
[EventDate "2019.10.14"]
[EventType "swiss"]
[EventCountry "URU"]
[SourceTitle "playchess.com"]
[Source "ChessBase"]
[SourceQuality "1"]

{[%evp 9,55,-90,-72,-151,-80,-85,-77,-86,-36,-135,-129,-137,-134,-123,-64,-65,-41,-100,-103,-80,-96,-101,-97,-104,-52,-54,-21,-12,-20,-29,-45,-44,-33,-46,0,0,0,-8,0,0,0,-35,0,0,0,-42,0,0]} 1. f4 e5 2. e4 exf4 3. Nf3 Nf6 4. e5 Nh5 5. Bc4 (5. d4 d6 6. Qe2 d5 7. Nc3 g6 8. Bd2 Bg7 9. O-O-O O-O 10. Qf2 Nc6 11. g3 f6 12. gxf4 fxe5 13. dxe5 Kh8 {0-1 (28) Di Nicolantonio,L (2379)-Csonka,B (2466) Radenci 2019}) 5... d5 6. Bb3 {C34: King's Gambit Accepted: 3 Nf3: 3...Nf6 and 3...d6} (6. exd6 $142 Bxd6 7. Qe2+ Qe7 8. Qxe7+ Bxe7 9. Nc3) 6... Be7 (6... g5 $142 {Threatens to win with ...g4.} 7. O-O c6) 7. O-O $17 O-O 8. d4 {Black is better.} Bg4 9. c4 $146 (9. Nc3 $15) ({Predecessor:} 9. Nc3 c6 10. Ne2 g5 11. c4 Be6 12. cxd5 cxd5 {1-0 (57) Vartaniants,M (1827)-Markarov,V (1701) Golubitskaya 2012}) 9... dxc4 10. Bxc4 Nc6 11. Be2 g6 ({Black should try} 11... f6 $17 12. Nc3 fxe5 13. dxe5 Kh8 14. Qxd8 Raxd8) 12. Nc3 $15 Ng7 13. d5 (13. Bxf4 $15 Bxf3 14. Bxf3) 13... Bxf3 $17 14. Bxf3 Nxe5 15. Bxf4 Bd6 16. Be2 f5 ({Black should play} 16... Nd7 $17 17. Qd2 Re8) 17. Nb5 $1 $15 g5 18. Nxd6 cxd6 19. Bxe5 $1 dxe5 20. d6 Qb6+ 21. Kh1 Rad8 22. Qd5+ Kh8 23. Rad1 Qxb2 24. Rd2 Qc3 25. Rd3 (25. Rf3 $5 {[%cal Rf3c3]} Qc1+ 26. Rf1 $11) 25... Qb2 26. Rd2 Qc3 27. Rd3 Qb2 28. Rd2 {Accuracy: White = 57%, Black = 22%.} 1/2-1/2

[Event "Hector S Nazzari Memorial 2019"]
[Site "Montevideo"]
[Date "2019.10.16"]
[Round "3.7"]
[White "Avedisian, Alexander"]
[Black "Lopez Falcon, Jorge"]
[Result "1-0"]
[WhiteElo "1877"]
[BlackElo "2166"]
[Annotator "TA"]
[PlyCount "43"]
[EventDate "2019.10.14"]
[EventType "swiss"]
[EventCountry "URU"]
[SourceTitle "playchess.com"]
[Source "ChessBase"]
[SourceQuality "1"]

{[%evp 22,43,0,0,0,0,27,0,0,0,0,0,0,-7,12,31,283,284,314,330,786,787,776,755]} 1. g3 g6 2. Bg2 Bg7 3. c4 e5 4. Nc3 Nf6 5. Nf3 d6 6. O-O O-O 7. d4 Nbd7 {[%cal Bb8d7,Bd7c5,Bc5e6][%mdl 32]} 8. dxe5 dxe5 9. Qc2 c6 10. e4 Qe7 11. h3 Nc5 12. Be3 Nfd7 {E67: King's Indian: Fianchetto: 6...Nbd7} 13. Rad1 Re8 (13... a5 14. Rfe1 Ne6 15. h4 Re8 16. Rd2 Ndc5 17. Red1 a4 18. Kh2 Nf8 19. Ng1 Nfe6 20. Nf3 Nf8 21. Ng1 Nfe6 22. Nf3 Nf8 {½-½ (22) Polak,V (2358)-Van Unen,H (2552) ICCF email 2010}) 14. Rfe1 Ne6 {The position is equal.} 15. Rd2 a5 $146 ({Predecessor:} 15... Bf8 16. Red1 f6 17. Nh2 Qf7 {½-½ (41) Dinh,C-Hoang Canh,H Ha Tinh 2000}) 16. Red1 Ndc5 17. Rd6 Nd4 18. Nxd4 Qxd6 $4 {[%mdl 8192] [#]} ({Better is} 18... exd4 $14 19. R6xd4 Bxd4 20. Rxd4 f6) 19. Nb3 $18 Qe6 20. Nxc5 Qxc4 $2 (20... Qe7 21. N3a4 Rd8) 21. Bf1 Qb4 22. N3a4 1-0

[Event "Hector S Nazzari Memorial 2019"]
[Site "Montevideo"]
[Date "2019.10.16"]
[Round "3.8"]
[White "Granara Barreto, Sebastian"]
[Black "Durante, Aurelio"]
[Result "1/2-1/2"]
[WhiteElo "2134"]
[BlackElo "1978"]
[Annotator "TA"]
[PlyCount "81"]
[EventDate "2019.10.14"]
[EventType "swiss"]
[EventCountry "URU"]
[SourceTitle "playchess.com"]
[Source "ChessBase"]
[SourceQuality "1"]

{[%evp 16,81,18,-14,6,-6,26,22,29,31,16,-34,-27,-20,-32,-25,-24,-26,-18,-29,-32,-27,-27,-37,0,-79,-75,-88,-52,-80,-80,-103,-66,-74,-47,-72,-68,-64,-22,-99,-66,-67,-54,-59,-13,-11,0,-18,0,0,0,0,0,0,0,0,0,0,0,0,27,26,69,0,0,0,72,0]} 1. c4 g6 2. g3 Bg7 3. Bg2 Nc6 4. Nc3 d6 5. d3 e5 6. e4 Nge7 7. Nge2 O-O 8. O-O f5 9. f4 Rb8 {A26: English Opening vs King's Indian with ...Nc6 and d3} (9... Be6 10. Nd5 fxe4 11. dxe4 Qd7 12. Be3 Bg4 13. Qd2 Rae8 14. Rae1 Kh8 15. b4 Bxe2 16. Rxe2 Nd4 17. Ref2 Ng8 {½-½ (54) Sinanovic,M (2396)-Brenjo,S (2505) Vogosca 2007}) 10. Nd5 h6 $146 ({Predecessor:} 10... fxe4 11. dxe4 Bg4 12. h3 Bxe2 13. Qxe2 Nd4 14. Qd3 c5 15. Be3 Nxd5 16. cxd5 Bh6 17. Rf2 {0-1 (77) Kurosaki,T (2131)-Duckworth,W (2352) Los Angeles 2011}) 11. Be3 exf4 {The position is equal.} 12. Nxe7+ ({Much worse is} 12. Bxf4 fxe4 13. dxe4 Bxb2 $15) ({But not} 12. gxf4 Bxb2 13. Rb1 Bg7 $15) (12. Nexf4 {feels hotter.} Bxb2 13. Rb1 Bg7 14. Qd2 b6 15. d4) 12... Nxe7 13. Bxa7 (13. Nxf4 {feels hotter.} Bxb2 14. Rb1 Bg7 15. exf5 Bxf5 16. Bxa7 Ra8 17. Be3) 13... Ra8 14. Bd4 fxg3 15. hxg3 fxe4 16. Bxg7 Kxg7 17. Rxf8 Qxf8 18. Bxe4 Qf6 19. Qd2 Bf5 20. a3 (20. Rf1 $11) 20... Bxe4 $17 21. dxe4 Qe5 22. Qc3 Nc6 23. Rd1 Re8 24. Rd5 Qf6 (24... Qxc3 {is interesting.} 25. Nxc3 Ne5 26. Nb5 Rc8 27. Rd1 Kf6) 25. Qxf6+ Kxf6 $15 {[%mdl 4096] Endgame KRN-KRN} 26. Nc3 Ne5 27. b3 (27. Rb5 $11 {keeps the balance.}) 27... Kg5 28. Kg2 b6 29. a4 Kg4 30. Nd1 h5 31. Nf2+ $1 Kg5 32. Nd3 Kf6 33. Nxe5 Rxe5 $11 {KR-KR} 34. Kf3 g5 35. b4 {[#] Rxe5 is the strong threat.} Ke7 36. Rd1 Kd7 37. Rh1 g4+ 38. Kf4 c6 39. Rh2 (39. Rd1 $1 $14) 39... Kc7 40. Rh1 ({White should play} 40. b5 $11) 40... Kd7 $16 {[#]} 41. Rh2 {Accuracy: White = 57%, Black = 37%.} ({White should try} 41. Rd1 $1 $16) 1/2-1/2